Una puerta abierta a la Matemática : Complejos. Funciones algebraicas y trascendentes /
Guardado en:
| Autor Principal: | |
|---|---|
| Otros Autores: | , |
| Formato: | Libro |
| Idioma: | Undetermined |
| Publicado: |
Córdoba :
Comunic-arte,
2007.
|
| Series: | Polimodal
|
| Materias: | |
| Etiquetas: |
Agregar Etiqueta
Sin Etiquetas, Sea el primero en etiquetar este registro!
|
| LEADER | 01664nam a22002535a 4500 | ||
|---|---|---|---|
| 001 | CEM.cems024567 | ||
| 008 | 250429s2007####xx############000#0#und#d | ||
| 005 | 20250429092119.0 | ||
| 245 | 1 | 0 | |a Una puerta abierta a la Matemática : |b Complejos. Funciones algebraicas y trascendentes / |c Liliana Ferraris, Alejandra March y Marcela Tasso. |
| 260 | |a Córdoba : |b Comunic-arte, |c 2007. | ||
| 300 | |a 174 p. | ||
| 490 | 1 | |a Polimodal | |
| 505 | 0 | |a Conjunto de los números reales -- Factorización de polinomios -- Números irracionales -- Números complejos -- Operaciones con números complejos expresados en forma binómica -- Otras formas del número complejo -- Funciones algebraicas -- Familia de Funciones algebraicas -- Función inversa -- Función especial : Función módulo o valor absoluto -- Función polinómica de Segundo Grado -- Sistema de ecuaciones mixto -- Funciones potenciales -- Funciones polinómicas -- Función racional fraccionaria -- Ecuaciones racionales -- Funciones irracionales -- Función Trascendentes -- Función Exponencial -- Ecuaciones logarítmicas -- Función logarítmica -- Ecuaciones logarítmicas -- Función logarítmica -- Funciones Trigonométricas -- Funciónes trigonométricas o circulares -- Gráfica de la función seno -- Gráfica de la función coseno | |
| 020 | |a 9789876020350 | ||
| 100 | 1 | |a Ferraris, Liliana. | |
| 700 | 1 | |a March, Alejandra. | |
| 700 | 1 | |a Tasso, Marcela. | |
| 653 | |a Matemática | ||
| 653 | |a Funciones Algebraicas | ||
| 653 | |a Funciones Trascendentes | ||
| 653 | |a Ecuaciones | ||
| 653 | |a Ecuaciones | ||
| 653 | |a Números Complejos | ||
| 859 | |a CEMS |b BIB. CEMS - 11 de abril |h 510 |i F412 |p 29837.25 |t Ej.1 | ||
